| 000 | 01343nam a22002297a 4500 | ||
|---|---|---|---|
| 999 |
_c49857 _d49857 |
||
| 005 | 20230513121035.0 | ||
| 008 | s2549 th tha d | ||
| 020 | _a9749772008 | ||
| 040 | _aNALT | ||
| 041 | _atha | ||
| 050 |
_aBJ 1528 _bป342ร 2549 |
||
| 100 | 0 |
_aประภาภัทร นิยม _918297 |
|
| 245 | 1 | 0 |
_aรายงานการวิจัยแผนที่คนดี = People mapping / _cประภาภัทร นิยม และมิรา ชัยมหาวงศ์. |
| 260 |
_aกรุงเทพฯ : _bศูนย์ส่งเสริมและพัฒนาพลังแผ่นดินเชิงคุณธรรม (ศูนย์คุณธรรม) สำนักงานบริหารและพัฒนาองค์ความรู้ (องค์การมหาชน), _c2549. |
||
| 300 |
_a96 หน้า : _bภาพประกอบ, ตาราง ; _c26 ซม. |
||
| 650 | 4 |
_aความดี _92298 |
|
| 700 | 0 |
_aมิรา ชัยมหาวงศ์ _918296 |
|
| 710 | 2 |
_aศูนย์ส่งเสริมและพัฒนาพลังแผ่นดินเชิงคุณธรรม (ศูนย์คุณธรรม) _910913 |
|
| 850 | _aNALT | ||
| 942 |
_cRSH _2lcc |
||
| 998 |
_j7560 _k กรศิริรินทร์ รัตนสุภา |
||